000 00443nam a2200193Ia 4500
003 OSt
005 20221005123531.0
006 a|||||r|||| 00| 0
007 ta
008 221004b |||||||| |||| 00| 0 eng d
024 _a111197
037 _cTextual
040 _aCRL
_cCRL
_beng
041 _2eng
_aeng
245 0 _aList of Asiatic staff Uganda protecstora
260 _c1935
942 _cTEXL
_2cc
999 _c1047713
_d1047713